Poemas humanos

Gespeichert in:
Bibliographische Detailangaben
1. Verfasser: Domenech, Juan Bautista (VerfasserIn)
Format: Buch
Sprache:Spanisch
Veröffentlicht: Santiago Nascimento 1937
Schlagworte:
Tags: Tag hinzufügen
Keine Tags, Fügen Sie den ersten Tag hinzu!

MARC

LEADER 00000nam a2200000 a 4500
001 UCU0755
003 CL-VaPUC
008 960329e19370000CL |||||||||||||||||spa|d
082 0 4 |a Ch861  |b DOM  |2 21 
100 0 |a Domenech, Juan Bautista  |e author  |9 356162 
245 1 0 |a Poemas humanos 
300 |a 166 p 
942 |c BK 
945 |d 19960329 00:00:00  |a rbrito 
260 |a Santiago  |b Nascimento  |c 1937 
650 0 |a Poesías chilenas   |9 265280 
583 |a last modification  |c 19960329 00:00:00  |k Rodrigo Vera 
999 |c 245567  |d 245565 
952 |0 0  |1 0  |4 0  |6 CH_861_000000000000000_DOM_1937  |7 0  |8 A  |9 260112  |a BIBEDU  |b BIBEDU  |d 2019-11-19  |i 3184587  |o Ch861 DOM 1937  |p 3184587  |r 2019-11-19  |w 2019-11-19  |y BK  |k LIT